Assessment In Music Education: From Policy To Practice: Landscapes: the Arts, Aesthetics, and Education (Record no. 345834)
[ view plain ]
| 000 -LEADER | |
|---|---|
| fixed length control field | 00448nam a2200109Ia 4500 |
| 008 - FIXED-LENGTH DATA ELEMENTS--GENERAL INFORMATION | |
| fixed length control field | 171204s9999 xx 000 0 und d |
| 245 ## - TITLE STATEMENT | |
| Title | Assessment In Music Education: From Policy To Practice: Landscapes: the Arts, Aesthetics, and Education |
| 245 ## - TITLE STATEMENT | |
| Statement of responsibility, etc | Don Lebler, Gemma Carey, and Scott D. Harrison |
| 260 ## - PUBLICATION, DISTRIBUTION, ETC. (IMPRINT) | |
| Date of publication, distribution, etc | 2014 |
| 650 ## - SUBJECT ADDED ENTRY--TOPICAL TERM | |
| General subdivision | Field Study 5: Learning Assessment Strategies |
| 856 ## - ELECTRONIC LOCATION AND ACCESS | |
| Uniform Resource Identifier | <a href="http://down.ebook777.com/008/AssInMusEduFroPolToPra.pdf">http://down.ebook777.com/008/AssInMusEduFroPolToPra.pdf</a> |
| Withdrawn status | Lost status | Damaged status | Home library | Current library | Date acquired | Total Checkouts | Date last seen | Price effective from | Koha item type |
|---|---|---|---|---|---|---|---|---|---|
| College Library | College Library | 12/04/2017 | 12/04/2017 | 12/04/2017 | Curriculum - Based eBooks |